| 000 | 00966cab a2200313 4500 | ||
|---|---|---|---|
| 001 | ABS58415 | ||
| 008 | 090401t1998 xxu||||| |||| 00| 0 eng d | ||
| 035 | _a(Sirsi) u85222 | ||
| 041 | _aeng | ||
| 245 | _aFocus `98: Greater Manchester offices, retail and leisure | ||
| 260 | _c1998 | ||
| 350 | _a0 | ||
| 490 |
_aEstates Gazette _v(9811) 14 March 1998, 95-171(28) |
||
| 650 | _aCITY CENTRE | ||
| 650 | _aGREATER MANCHESTER | ||
| 650 | _aLEISURE DEVELOPMENT | ||
| 650 | _aMANCHESTER | ||
| 650 | _aOFFICE DEVELOPMENT | ||
| 650 | _aPROPERTY-COMMERCIAL PROPERTY-OFFICE PROPERTY-OFFICE PROPERTY MARKET | ||
| 650 | _aOFFICE RENTS | ||
| 650 | _aRESIDENTIAL MARKET | ||
| 650 | _aRETAIL DEVELOPMENT | ||
| 650 | _aPROPERTY-COMMERCIAL PROPERTY-RETAIL PROPERTY-RETAIL PROPERTY MARKET | ||
| 650 | _aSALFORD QUAYS | ||
| 650 | _aTRAFFORD CENTRE | ||
| 690 | _aPROPERTY-COMMERCIAL PROPERTY-COMMERCIAL PROPERTY MARKET | ||
| 942 | _n0 | ||
| 948 | _c26/03/1998 | ||
| 999 |
_c53565 _d53565 |
||